000 00937nam a2200277 i 4500
001 bg
003 KOSZ 005
005 20210701104115.0
008 071021s1968 pl a f f 000 0 pol
015 _aPB 1968/4307
040 _aWA N
_cKOSZ 005/RW
_dKOSZ 005/RW
080 _a543.062:541.1
100 1 _aCałus, Henryk
_eAutor
245 1 0 _aPodstawy obliczeń chemicznych /
_cHenryk Całus.
250 _aWyd. 3.
260 _aWarszawa :
_bWydawnictwa Naukowo-Techniczne,
_c1968.
300 _a490, [2] s. :
_bil. ;
_c23 cm.
380 _aKsiążki.
500 _aDruk z klisz.
655 4 _aĆwiczenia i zadania dla szkół wyższych
650 4 _aChemia fizyczna
650 4 _aChemiczna analiza ilościowa
710 2 _aWydawnictwa Naukowo-Techniczne
_4pbl.
856 _uhttp://koha.tu.koszalin.pl/cgi-bin/koha/opac-detail.pl?biblionumber=11492
_yKatalog online BPK
942 _2UKD
_cKS
999 _c11492
_d11492